Two Island Countries Quiz - Statistics

General Stats
  • This quiz has been taken 25 times
  • The average score is 4 of 6
Answer Stats
Answer Island #1 Island #2 % Correct
Antigua and Barbuda Antigua Barbuda
90%
Trinidad and Tobago Trinidad Tobago
86%
Saint Kitts and Nevis St. Kitts Nevis
81%
São Tomé and Príncipe São Tomé Príncipe
67%
Malta Malta Gozo
57%
Samoa Upolu Savai‘i
52%
No matching quizzes found
Score Distribution
Percent of People with Each Score
Percentile by Number Answered
Your Score History
You have not taken this quiz